00487nam a2200193 a 4500001001300000003000900013005001700022008004100039020002400080082001600104100001700120245003800137260002600175300000900201500003500210505001200245650001900257700001700276nice12345678IN_TiNIC20260116013854.0050524s1991 leia grp 000 0 eng  a9004710 c446900a181.07bKEM aKemal, Salim aPoetics of Alfarabi and Avicenna. aLeiden bBrill c1991 a283p aincludes index and biblioraphy2 aindexes aIslamic-Poetry1 aKemal, Salim